| 000 | 00704nam a22001937a 4500 | ||
|---|---|---|---|
| 005 | 20140811122211.0 | ||
| 010 | _aENG-110484 | ||
| 020 |
_a9788178123295 _c595.00 |
||
| 020 |
_a8178123290 _c595.00 |
||
| 035 | _aEN-94016 | ||
| 037 | _bDBAD/PUB | ||
| 082 | _a370 | ||
| 100 | _aAnsari, M.S. | ||
| 245 |
_aR. Gupta's popular master guide UGC NET/SET junior research fellowship and lectureship exam : _beducation paper II and III as per latest pattern of the exam w.e.f. June 2012 / _cby M.S. Ansari |
||
| 260 |
_aNew Delhi _bRamesh Publishing House _c2013 |
||
| 270 |
_a12-H, New Daryaganj Road, _bNew Delhi _e110002 |
||
| 300 |
_axiv, 896p. _c24cm (pbk) |
||
| 942 |
_2ddc _cEN _mANS _h370 |
||
| 999 |
_c86842 _d86842 |
||